Breve historia de la psiquiatría / (Record no. 106700)

MARC details
000 -LEADER
campo de control de longitud fija 01007nam a2200289Ia 4500
001 - NÚMERO DE CONTROL
campo de control 40947
005 - FECHA Y HORA DE LA ÚLTIMA TRANSACCIÓN
campo de control 20230411085732.0
008 - DATOS DE LONGITUD FIJA--INFORMACIÓN GENERAL
campo de control de longitud fija 031114s1962 ag b 000 0 spa d
035 ## - NÚMERO DE CONTROL DEL SISTEMA
Número de control de sistema (OCoLC)ocm53436165
040 ## - FUENTE DE CATALOGACIÓN
Centro catalogador/agencia de origen U@S
Lengua de catalogación spa
Centro/agencia transcriptor U@S
035 ## - NÚMERO DE CONTROL DEL SISTEMA
Número de control de sistema (OCoLC)53436165
041 1# - CÓDIGO DE IDIOMA
Código de lengua del texto/banda sonora o título independiente spa
Código de lengua original ger
050 14 - SIGNATURA TOPOGRÁFICA DE LA BIBLIOTECA DEL CONGRESO
Número de clasificación RC438
Número de ítem .A25318 1962
049 ## - FONDOS LOCALES (OCLC)
Biblioteca depositaria GRAL
100 1# - ENTRADA PRINCIPAL--NOMBRE DE PERSONA
Nombre de persona Ackerknecht, Erwin Heinz,
Fechas asociadas al nombre 1906-
240 10 - TÍTULO UNIFORME
Título uniforme Kurze Geschichte der Psychiatrie.
Lenguaje de la obra Spanish
245 10 - MENCIÓN DEL TÍTULO
Título Breve historia de la psiquiatría /
Mención de responsabilidad, etc. Erwin H. Ackerknecht ; [traducida por Abelardo Maljuri ; revisión técnica, José Bleger].
260 ## - PUBLICACIÓN, DISTRIBUCIÓN, ETC.
Lugar de publicación, distribución, etc. [Buenos Aires] :
Nombre del editor, distribuidor, etc. Eudeba,
Fecha de publicación, distribución, etc. c1962.
300 ## - DESCRIPCIÓN FÍSICA
Extensión 71 p. ;
Dimensiones 25 cm.
490 1# - MENCIÓN DE SERIE
Mención de serie Cuadernos de Eudeba ;
Designación de volumen o secuencia 74
500 ## - NOTA GENERAL
Nota general Traducciâon de: Kurze Geschichte der Psychiatrie.
504 ## - NOTA DE BIBLIOGRAFÍA, ETC.
Nota de bibliografía, etc. Incluye referencias bibliogrâaficas (p. 70-71).
650 #0 - PUNTO DE ACCESO ADICIONAL DE MATERIA--TÉRMINO DE MATERIA
Término de materia o nombre geográfico como elemento de entrada Psychiatry
Subdivisión general History.
830 #0 - PUNTO DE ACCESO ADICIONAL DE SERIE-TÍTULO UNIFORME
Título uniforme Cuadernos (Editorial Universitaria de Buenos Aires) ;
Designación de volumen o secuencia 74.
942 ## - ELEMENTOS DE ENTRADA SECUNDARIOS (KOHA)
Fuente del sistema de clasificación o colocación Clasificación de Library of Congress
Tipo de ítem Koha
994 ## -
-- C0
-- DRFGD
Holdings
Estatus retirado Estado de pérdida Fuente del sistema de clasificación o colocación Estado de daño No para préstamo Colección Biblioteca de origen Biblioteca actual Ubicación en estantería Fecha de adquisición Signatura topográfica completa Código de barras Visto por última vez Copia número Tipo de ítem Koha
    Clasificación de Library of Congress     Automatización y Procesos Técnicos Biblioteca Juan Bosch Biblioteca Juan Bosch Automatización y Procesos Técnicos (1er. Piso) 11/04/2023 RC438 .A25318 1962 00000041205 17/02/2019 1